| 000 | 01077nam a2200277 4500 | ||
|---|---|---|---|
| 001 | 0000022209 | ||
| 003 | CO-CtgCURN | ||
| 005 | 20250828213539.0 | ||
| 008 | 160627s2002 000 0 eng d | ||
| 020 | _a9583504076 | ||
| 040 |
_aCO-CtgCURN _bspa _ccoctgcurn |
||
| 082 | 0 |
_a346.6 _bO76l |
|
| 100 | 1 | _aOspina Acosta, Eduardo. | |
| 245 | 1 | 3 |
_aLa lesion enorme en la catedra y en el foro / _cEduardo Ospina Acosta. |
| 260 |
_aBogotá : _bTemis, _c2002. |
||
| 300 | _aix, 178 p. | ||
| 336 | _2rdacontent | ||
| 337 |
_2rdamedia _asin mediacion _bn |
||
| 338 |
_2rdacarrier _avolumen _bnc |
||
| 504 | _aBibliografia (p. 175-176) | ||
| 505 | 8 | _aLa demanda.--Las medidas cautelares.--La contestacion de la demanda.--Las pruebas.--La sentencia.--La lesion enorme en la permuta.--La lesion enorme en la particiones de bienes.--La clausula penal enorme.--La lesion enorme en el Código de comercio | |
| 650 | 0 | _aResponsabilidad civil. | |
| 908 | _a160627 | ||
| 942 |
_cBK _h346.6 _iO76l _2ddc |
||
| 999 |
_c50069 _d50069 _x1 |
||